000 00308nam a2200121Ia 4500
008 190216s9999||||xx |||||||||||||| ||und||
100 _aPuthencavu Matthan Tharakan
245 0 _aViswa Deepam (maha Kavyam)
260 _bKalaamandiram Book Stall
_c1967
300 _a148p
650 _aKavithkal
942 _cBK
999 _c25141
_d25141